Úloha a dôležitosť etických pravidiel v systémoch umelej inteligencie
Článok je venovaný miestu a úlohe, ktorých význam značne narastá v dôsledku dynamického vývoja umelej inteligencie a rozširovania jej pôsobnosti do oblastí pôvodne vyhradených ľudským aktivitám. V jeho prvej časti autor prináša všeobecnejšiu charakteristiku významu a úlohy etických pravidiel v konte...
Salvato in:
| Autore principale: | |
|---|---|
| Natura: | Capitolo di libro |
| Lingua: | slovacco |
| Soggetti: | |
| Tags: |
Nessun Tag, puoi essere il primo ad aggiungerne!!
|
MARC
| LEADER | 00000naa a2200000 4500 | ||
|---|---|---|---|
| 001 | 0311326 | ||
| 005 | 20250627085932.9 | ||
| 041 | 0 | |a slo | |
| 044 | |a SK | ||
| 245 | 1 | 0 | |a Úloha a dôležitosť etických pravidiel v systémoch umelej inteligencie |c Ján Klučka |
| 520 | |a Článok je venovaný miestu a úlohe, ktorých význam značne narastá v dôsledku dynamického vývoja umelej inteligencie a rozširovania jej pôsobnosti do oblastí pôvodne vyhradených ľudským aktivitám. V jeho prvej časti autor prináša všeobecnejšiu charakteristiku významu a úlohy etických pravidiel v kontexte umelej inteligencie a venuje sa posudzovaniu všeobecných dokumentov právne nezáväznej povahy obsahujúcich etické pravidlá pre umelú inteligenciu, ako aj vzťahu etických pravidiel k relevantnej právnej úprave. Druhá časť je venovaná problémom implementácie etických pravidiel do systémov umelej inteligencie, auditu systémov umelej inteligencie a eliminácii skreslených algoritmov umelej inteligencie. | ||
| 610 | 2 | 0 | |a inteligencia umelá |
| 610 | 2 | 0 | |a etika |
| 610 | 2 | 0 | |a kódexy etické |
| 610 | 2 | 0 | |a implementácia |
| 610 | 2 | 0 | |a audit |
| 610 | 2 | 0 | |a algoritmy |
| 610 | 2 | 0 | |a úpravy právne |
| 100 | 1 | |a Klučka, Ján | |